RuPaul's Drag Race: Everybody Loves Puppets! Quiz Stats

 Plays Quiz not verified by Sporcle

Score 0/28 Timer 10:00
6 Plays Today
% Correct
Sasha
78.4%
Sharon
74.9%
Kennedy
74.9%
Bob
74.3%
Latrice
74.1%
Katya
73.9%
Bianca
69%
Dela
65.1%
Violet
62.6%
Roxxxy
60.2%
Alexis
55.9%
Darienne
55.6%
Chi Chi
54.8%
Phi Phi
54.4%
% Correct
Adore
53.8%
Chad
52.2%
Ginger
52%
Pearl
50.1%
Jinkx
48.9%
Shea
47%
Kim
47%
Courtney
46%
Derrick
40.5%
Peppermint
38.4%
Trinity
37.4%
Naomi
37.4%
Alaska
34.9%
Detox
29.2%

You're not logged in!

Compare scores with friends on all Sporcle quizzes.
OR
Log In

Show Comments

Extras

Top Quizzes Today


Score Distribution

Your Account Isn't Verified!

In order to create a playlist on Sporcle, you need to verify the email address you used during registration. Go to your Sporcle Settings to finish the process.

Report this User

Report this user for behavior that violates our Community Guidelines.

Details: